000 00438nam a2200181Ia 4500
001 16800
005 20260306170337.0
008 260306t2017||||xx |||||||||||||| ||und||
041 _aESP
082 _a657
_bP21D
100 _aPalomino Hurtado, Carlos
_eAUT
245 0 _aDocumentación mercantil electrónico
260 _c2017
300 _a271 páginas :
_c25 cm.
650 _aGEN
654 _aCCO
942 _cLIB
_dJUS
_fJUS
_2ddc
_n
999 _c16800
_d16800